Future of leadership: today's top leadership thinkers speak to tomorrow's leaders (Record no. 397864)

000 -LEADER
fixed length control field 00535cam a22001697a 4500
008 - FIXED-LENGTH DATA ELEMENTS--GENERAL INFORMATION
fixed length control field 180718b2001 xxu||||| |||| 00| 0 eng d
020 ## - INTERNATIONAL STANDARD BOOK NUMBER
International Standard Book Number 0787955671
082 ## - DEWEY DECIMAL CLASSIFICATION NUMBER
Classification number I51 B439f
245 ## - TITLE STATEMENT
Title Future of leadership: today's top leadership thinkers speak to tomorrow's leaders
Statement of responsibility, etc. edited by Warren Bennis...[et.al.]
260 ## - PUBLICATION, DISTRIBUTION, ETC.
Place of publication, distribution, etc. San Francisco
Name of publisher, distributor, etc. Jossey-Bass
Date of publication, distribution, etc. 2001
300 ## - PHYSICAL DESCRIPTION
Extent 316p.
650 ## - SUBJECT ADDED ENTRY--TOPICAL TERM
Topical term or geographic name entry element Management
650 ## - SUBJECT ADDED ENTRY--TOPICAL TERM
Topical term or geographic name entry element Organizational change
650 ## - SUBJECT ADDED ENTRY--TOPICAL TERM
Topical term or geographic name entry element Organizational effectiveness
650 ## - SUBJECT ADDED ENTRY--TOPICAL TERM
Topical term or geographic name entry element Leadership
700 ## - ADDED ENTRY--PERSONAL NAME
Personal name Bennis, Warren
Holdings
Withdrawn status Lost status Damaged status Not for loan Permanent Location Current Location Date acquired Full call number Barcode Date last seen Price effective from Koha item type
        Indian Institute of Public Administration Indian Institute of Public Administration 2001-08-03 I51 B439f 76792 2018-07-21 2018-07-21 Book

Powered by Koha